000 00786cam a22002773a 4500
001 5991
003 PGUSA
005 20140828083127.0
008 040601s2004||||xxu|||||s|||||000 1 eng d
040 _aPGUSA
_beng
042 _adc
050 4 _aPR
100 1 _aVon Arnim, Elizabeth,
_d1866-1941
245 1 4 _aThe Solitary Summer
_h[electronic resource] /
_cElizabeth Von Arnim
260 _bProject Gutenberg,
_c2004
506 _aPublic domain in the USA.
516 _aElectronic text
653 _aAutobiographical fiction
653 _aPastoral fiction
653 _aWomen gardeners -- Fiction
653 _aGermany -- Fiction
653 _aGardening -- Fiction
830 0 _aProject Gutenberg
_v5991
856 4 0 _uhttp://www.gutenberg.org/ebooks/5991
942 _cEB
999 _c235319
_d235319